Horrible Histories Actor by Role - Statistics

General Stats
  • This quiz has been taken 108 times
  • The average score is 6 of 13
Answer Stats
Hint Answer % Correct
Nero Jim Howick
85%
Elagabalus Mathew Baynton
83%
George III Simon Farnaby
79%
Henry VIII Ben Willbond
74%
Boudicca Martha Howe-Douglas
72%
Draco Laurence Rickard
56%
Mrs Puritan Katy Wix
37%
Oliver Cromwell Lawry Lewin
32%
Lady Jane Grey Alice Lowe
28%
Rosa Parks Dominique Moore
22%
Mary Shelley Jessica Ransom
11%
Hans Christian Andersen Richard David-Caine
10%
William Wordsworth Tom Stourton
9%
No matching quizzes found
Score Distribution
Percent of People with Each Score
Percentile by Number Answered
Your Score History
You have not taken this quiz